000 00252nam a2200109Ia 4500
008 190907s9999||||xx |||||||||||||| ||und||
100 _aDavid L. Laudon
245 0 _aConsumer Behavior
260 _aUSA
_bMcGraw -Hill
_c1993
300 _a788
942 _cBK
999 _c6596
_d6596